Las venas abiertas de América Latina / (Registro nro. 30700)
[ vista simple ]
| 000 -LEADER | |
|---|---|
| fixed length control field | 00985nam a2200253Ia 4500 |
| 003 - CONTROL NUMBER IDENTIFIER | |
| control field | OSt |
| 005 - DATE AND TIME OF LATEST TRANSACTION | |
| control field | 20240712085708.0 |
| 008 - FIXED-LENGTH DATA ELEMENTS--GENERAL INFORMATION | |
| fixed length control field | 191128s1983 ck gr 001 0 spa d |
| 020 ## - INTERNATIONAL STANDARD BOOK NUMBER | |
| International Standard Book Number | 9682301009 |
| 037 ## - SOURCE OF ACQUISITION | |
| Materials specified | Donación |
| 040 ## - CATALOGING SOURCE | |
| Original cataloging agency | CO-JMCR |
| Transcribing agency | CO-JMCR |
| Modifying agency | CO-JMCR |
| Description conventions | rda |
| Language of cataloging | spa |
| 041 0# - LANGUAGE CODE | |
| Language code of text/sound track or separate title | spa |
| 082 04 - DEWEY DECIMAL CLASSIFICATION NUMBER | |
| Classification number | 301.298 |
| Item number | G15v |
| Edition number | 23 |
| 100 1# - MAIN ENTRY--PERSONAL NAME | |
| Personal name | Galeano, Eduardo, |
| Dates associated with a name | 1940-2015 |
| Relator term | autor |
| 9 (RLIN) | 10313 |
| 245 14 - TITLE STATEMENT | |
| Title | Las venas abiertas de América Latina / |
| Statement of responsibility, etc. | Eduardo Galeano. |
| 250 ## - EDITION STATEMENT | |
| Edition statement | Trigésima sexta edición |
| 260 ## - PUBLICATION, DISTRIBUTION, ETC. | |
| Place of publication, distribution, etc. | Bogotá : |
| Name of publisher, distributor, etc. | Siglo veintiuno , |
| Date of publication, distribution, etc. | 1987 |
| 300 ## - PHYSICAL DESCRIPTION | |
| Extent | 486 páginas ; |
| Dimensions | 17 cm. |
| 500 ## - GENERAL NOTE | |
| General note | Incluye índice analítico. |
| 505 0# - FORMATTED CONTENTS NOTE | |
| Title | Ciento veinte millones de niños en el centro de la tormenta -- La pobreza del hombre como resultado de la riqueza de la tierra -- El desarrollo es un viaje con más náufragos que navegantes |
| 650 14 - SUBJECT ADDED ENTRY--TOPICAL TERM | |
| Topical term or geographic name entry element | Desarrollo Económico |
| Geographic subdivision | América Latina |
| 9 (RLIN) | 7491 |
| 651 24 - SUBJECT ADDED ENTRY--GEOGRAPHIC NAME | |
| Geographic name | América Latina |
| General subdivision | condiciones económicas |
| 9 (RLIN) | 10316 |
| 942 ## - ADDED ENTRY ELEMENTS (KOHA) | |
| Source of classification or shelving scheme | Dewey Decimal Classification |
| Koha item type | Books |
| Withdrawn status | Lost status | Source of classification or shelving scheme | Damaged status | Not for loan | Home library | Current library | Shelving location | Date acquired | Source of acquisition | Total Checkouts | Full call number | Barcode | Date last seen | Date last checked out | Copy number | Price effective from | Koha item type |
|---|---|---|---|---|---|---|---|---|---|---|---|---|---|---|---|---|---|
| Dewey Decimal Classification | Biblioteca Pública José María del Castillo y Rada | Biblioteca Pública José María del Castillo y Rada | General Stacks | 12/06/2021 | Donación | 1 | 301.298 G15v | 201812108 | 07/22/2024 | 07/22/2024 | Ej.1 | 02/28/2024 | Books |